| 000 | 00563cam a22002291 4500 | ||
|---|---|---|---|
| 001 | sa 65003371 | ||
| 003 | DLC | ||
| 005 | 20260227112122.0 | ||
| 008 | 891120s1964 ii b 000 0 maro | ||
| 010 | _asa 65003371 | ||
| 035 | _a(OCoLC)20678725 | ||
| 040 |
_aDLC _cWaU _dDLC |
||
| 042 | _apremarc | ||
| 050 | 0 | 0 |
_aPK2353 _b.T8 |
| 100 | 1 |
_aTuḷapuḷe, Śã. Go., _d1914-1994. |
|
| 245 | 1 | 0 | _aPravāsa. |
| 260 | _c[1964] | ||
| 300 |
_a7, 256 p. _c19 cm. |
||
| 500 | _aIn Marathi. | ||
| 504 | _aBibliographical footnotes. | ||
| 650 | 0 | _aMarathi philology. | |
| 999 |
_c63104 _d63104 |
||